00494nam a2200193Ia 4500003000900000008004100009040001300050040001300063041000800076100001900084245007300103250001200176260001400188260000900202300001000211490002600221490000700247600004600254IT-RoPAU120407s9999 xx 000 0 und d aIT-RoPAU cIT-RoPAU aita aKarl R. Popper aCongetture e confutazioni. Lo sviluppo della conoscenza scientifica. aBologna aIl Mulino c1972 c18 cm aUniversale Paperbacks v50 a"Volume I° 428 p. Volume II° 726 p."